LEADER 00655nam a2200205 i 4500 001 000000244970 003 CaOOAMICUS 005 20150909000000.0 008 150909n it u000 u ita u 013 $a223875 040 $aSeMil$bita 245 10$aVol. 1. 300 $a438 p. 500 $aFondo card. Giovanni Colombo. 773 0 $aMeschler, Moritz$tMeditazioni sulla vita di Gesł Cristo.$dMilano : Selecta, 1959.$w()32521 850 $aSeMil 852 $aSeMil$W1$xVenegono$y1$m3GC I 470/1$j195316$B195316$CSeMilBibl$Z2$F205974 $8B 941 1 $a3 961 $aLascito: Colombo Card. Giovanni 996 $6245$aVol. 1$9(OLS)http://semarc/title/13429 LEADER 00782nam a2200217 i 4500 001 000000201027 003 CaOOAMICUS 005 20110418000000.0 008 110418s1900 it u000 u ita u 013 $a179728 040 $aSeMil$bita 100 1 $aPesci, Ugo.$0(OLS)http://semarc/name/41666 245 13$aUn firmatario dello Statuto /$cUgo Pesci. 260 $a[S.l. :$bs.n.],$c1900. 300 $aP. 580-585 ;$c23 cm. 500 $aEstratto da «La rassegna nazionale», vol. 119. 773 0 $t[Miscellanea.$w()24790 850 $aSeMil 852 $aSeMil$W1$xVenegono$y1$m5B II 3/10A FA$j248214$B151556$CSeMilBibl$Z2$F162767 $81 996 $6245$aUn firmatario dello Statuto$9(OLS)http://semarc/title/290845 996 $6260$a[S.l. :$bs.n.]$9(OLS)http://semarc/publisher/29751